Joan edukira

История русской литературы XI – первой трети XIX века учебное пособие

Учебное пособие предназначено для бакалавриата укрупненной группы направлений 51.00.00 «Культуроведение и социокультурные проекты». Освещается литература Древней Руси, основные течения в литературе XVIII века с характеристикой эстетических программ классицизма и сентиментализма в творчестве М. В. Ло...

Deskribapen osoa

Gorde:
Xehetasun bibliografikoak
Egile nagusia: Картузова М. В.
Beste egile batzuk: Ходанен Л. А.
Formatua: Книга
Hizkuntza:Russian
Argitaratua: Кемерово КемГИК 2020
Sarrera elektronikoa:https://e.lanbook.com/book/174721
https://e.lanbook.com/img/cover/book/174721.jpg
Etiketak: Etiketa erantsi
Etiketarik gabe, Izan zaitez lehena erregistro honi etiketa jartzen!
LEADER 02120nam0a2200277 i 4500
001 174721
003 RuSpLAN
005 20221220174128.0
008 221220s2020 ru gs 000 0 rus
020 |a 978-5-8154-0539-4 
040 |a RuSpLAN 
041 0 |a rus 
044 |a ru 
080 |a 82(075.8) 
084 |a 83.3(2Рос=Рус)1я73  |2 rubbk 
245 0 0 |a История русской литературы XI – первой трети XIX века  |b учебное пособие  |c Картузова М. В.,Ходанен Л. А. 
260 |a Кемерово  |b КемГИК  |c 2020 
300 |a 199 с. 
504 |a Библиогр.: доступна в карточке книги, на сайте ЭБС Лань 
520 8 |a Учебное пособие предназначено для бакалавриата укрупненной группы направлений 51.00.00 «Культуроведение и социокультурные проекты». Освещается литература Древней Руси, основные течения в литературе XVIII века с характеристикой эстетических программ классицизма и сентиментализма в творчестве М. В. Ломоносова, Г. Р. Державина, Д. И. Фонвизина, Н. М. Карамзина; романтизм как течение в русской и европейской литературе; творчество В. А. Жуковского, А. С. Пушкина, М. Ю. Лермонтова; поэтика ранних романтических повестей Н. В. Гоголя в аспекте фольклорных традиций. 
521 8 |a Книга из коллекции КемГИК - Языкознание и литературоведение 
100 1 |a Картузова М. В. 
700 1 |a Ходанен Л. А. 
856 4 |u https://e.lanbook.com/book/174721 
856 4 8 |u https://e.lanbook.com/img/cover/book/174721.jpg 
953 |a https://e.lanbook.com/img/cover/book/174721.jpg